| 000 | 00532nam a2200217Ia 4500 | ||
|---|---|---|---|
| 003 | OSt | ||
| 005 | 20221005133512.0 | ||
| 006 | a|||||r|||| 00| 0 | ||
| 007 | ta | ||
| 008 | 221004b |||||||| |||| 00| 0 tam d | ||
| 024 | _a51663 | ||
| 037 | _cTextual | ||
| 040 |
_aCRL _cCRL _btam |
||
| 041 |
_2tam _atam |
||
| 082 | _aQ7:21:g, 31N5 | ||
| 100 |
_aDiwan _9228848 |
||
| 245 | 0 | _aYiru Kur-an tamilil vilakkam | |
| 650 | _aRELIGION | ||
| 942 |
_hQ7:21:g, 31N5 _cTEXL _2cc |
||
| 999 |
_c1067027 _d1067027 |
||